Online
Catalog

Omar Dengo / (Record no. 18495)

MARC details
000 -CABECERA
campo de control de longitud fija 01022cam a2200289 a 4500
001 - NÚMERO DE CONTROL
campo de control 000018977
005 - FECHA Y HORA DE LA ÚLTIMA TRANSACCIÓN
campo de control 20200929165906.0
008 - DATOS DE LONGITUD FIJA--INFORMACIÓN GENERAL
campo de control de longitud fija 791025s1971 cr ac 000 0 spa d
035 ## - NÚMERO DE CONTROL DEL SISTEMA
Número de control de sistema (DLC) 66085605
035 ## - NÚMERO DE CONTROL DEL SISTEMA
Número de control de sistema (OCoLC)5587279
040 ## - FUENTE DE LA CATALOGACIÓN
Centro catalogador/agencia de origen DO-SdBNP
Centro/agencia transcriptor CLU
Centro/agencia modificador DLC
-- BNPHU
042 ## - CÓDIGO DE AUTENTICACIÓN
Código de autenticación premarc
082 ## - NÚMERO DE LA CLASIFICACIÓN DECIMAL DEWEY
Número de clasificación 923.7
Número de documento/Ítem D392G
049 ## - FONDOS LOCALES (OCLC)
Fondos de biblioteca BNGR
100 1# - ENTRADA PRINCIPAL--NOMBRE DE PERSONA
Nombre de persona Gamboa, Emma,
Fechas asociadas al nombre 1901-
9 (RLIN) 40826
245 10 - MENCIÓN DE TÍTULO
Título Omar Dengo /
Mención de responsabilidad, etc. Emma María Gamboa ; editor Joaquín Bernardo Cerdas.
260 ## - PUBLICACIÓN, DISTRIBUCIÓN, ETC.
Lugar de publicación, distribución, etc. San José :
Nombre del editor, distribuidor, etc. Ministerio de Cultura, Juventud y Deportes,
-- Departamento de Publicaciones,
Fecha de publicación, distribución, etc. 1971.
300 ## - DESCRIPCIÓN FÍSICA
Extensión 307 p. :
Otras características físicas il., retrs. ;
Dimensiones 19 cm.
490 1# - MENCIÓN DE SERIE
Mención de serie ¿Quién fué y qué hizo?
Designación de volumen o secuencia 3
500 ## - NOTA GENERAL
Nota general Cover title.
600 10 - PUNTO DE ACCESO ADICIONAL DE MATERIA--NOMBRE DE PERSONA
Nombre de persona DENGO, OMAR,
Fechas asociadas al nombre 1888-1928.
9 (RLIN) 40827
650 #4 - PUNTO DE ACCESO ADICIONAL DE MATERIA--TÉRMINO DE MATERIA
Término de materia o nombre geográfico como elemento de entrada Maestros
Subdivisión general Biografía
9 (RLIN) 40828
700 1# - PUNTO DE ACCESO ADICIONAL--NOMBRE DE PERSONA
Nombre de persona Cerdas, Joaquín Bernardo
Término indicativo de función/relación ed.
9 (RLIN) 40829
830 #0 - PUNTO DE ACCESO ADICIONAL DE SERIE-TÍTULO UNIFORME
Título uniforme ¿Quién fué y qué hizo? ;
Designación de volumen o secuencia 3
9 (RLIN) 16206
810 2# - PUNTO DE ACCESO ADICIONAL DE SERIE--NOMBRE DE ENTIDAD CORPORATIVA
Nombre de entidad corporativa o nombre de jurisdicción como elemento de entrada Universidad de Costa Rica.
Título de la obra Serie educacion ;
Designación de volumen o secuencia no. 7.
9 (RLIN) 40830
910 ## - DATOS DE OPCIÓN DEL USUARIO (OCLC)
Datos de opción del usuario Catalogación derivada / LC
Holdings
Estado de retiro Estado de pérdida Restricciones de uso No para préstamo Código de colección Localización permanente Ubicación/localización actual Ubicación en estantería Fecha de adquisición Número de inventario Total de préstamos Signatura topográfica completa Código de barras Fecha visto por última vez Precio válido a partir de Tipo de ítem Koha
        Monografías: Libros y Folletos General General En catalogación 21.05.2010 LF1   923.7 D392G 18977-10 25.06.2020 25.06.2020 Préstamo en sala

Powered by Koha